Southville International School and Colleges
Your cart is empty.
  • Cart
  • Lists
    Public lists Eva Luna New books Lux_list list_1
    Your lists Log in to create your own lists
  • Log in to your account
  • Your cookies
  • Search history
Southville International School and Colleges
  • Advanced search
  • Recent comments
  • Most popular
  • Libraries

Log in to your account

Log in with GOOGLE


If you do not have an external account, but do have a local account, you can still log in:

  1. Home
  2. MARC view: History of Asian nations /
Normal view MARC view ISBD view

History of Asian nations / (Record no. 283839)

[ view plain ]
MARC details
000 -LEADER
fixed length control field 00658nam a22002417a 4500
003 - CONTROL NUMBER IDENTIFIER
control field OSt
005 - DATE AND TIME OF LATEST TRANSACTION
control field 20150505154604.0
008 - FIXED-LENGTH DATA ELEMENTS--GENERAL INFORMATION
fixed length control field 130201t xxu||||| |||| 00| 0 eng d
020 ## - INTERNATIONAL STANDARD BOOK NUMBER
International Standard Book Number 971642194x
050 ## - LIBRARY OF CONGRESS CALL NUMBER
Classification number DS 33
Item number .Z21 2002
082 ## - DEWEY DECIMAL CLASSIFICATION NUMBER
Classification number FIL950
Item number Za1 1994
100 ## - MAIN ENTRY--PERSONAL NAME
Personal name Zaide, Gregorio F.
245 ## - TITLE STATEMENT
Title History of Asian nations /
Statement of responsibility, etc Gregorio F. Zaide, Sonia M. Zaide.
250 ## - EDITION STATEMENT
Edition statement 6th ed.
260 ## - PUBLICATION, DISTRIBUTION, ETC. (IMPRINT)
Place of publication, distribution, etc Manila :
Name of publisher, distributor, etc All-Nations Publishing Co. ;
Date of publication, distribution, etc 2002.
300 ## - PHYSICAL DESCRIPTION
Extent 244 pages :
Dimensions 26 cm.
Other physical details illustrations ;
526 ## - STUDY PROGRAM INFORMATION NOTE
Reading level 1210L-1700L
562 ## - COPY AND VERSION IDENTIFICATION NOTE
Number of copies 1
650 ## - SUBJECT ADDED ENTRY--TOPICAL TERM
Topical term or geographic name as entry element History
General subdivision Asian.
700 ## - ADDED ENTRY--PERSONAL NAME
Personal name Zaide, Sonia M.
942 ## - ADDED ENTRY ELEMENTS (KOHA)
Source of classification or shelving scheme Library of Congress Classification
Koha item type Books
Holdings
Withdrawn status Lost status Source of classification or shelving scheme Damaged status Home library Current library Shelving location Date acquired Source of acquisition Sub Shelving location Total Checkouts Full call number Barcode Date last seen Price effective from Koha item type
    Library of Congress Classification   Southville International School Affiliated with Foreign Universities Library Southville International School Affiliated with Foreign Universities Library Southville Foreign University Section 05/05/2015 Library Fund     DS 33 .Z21 2002 SFU1867 05/15/2018 05/05/2015 Books

History of Asian nations /

APA

Zaide G. F., Zaide S. M., . (2002). History of Asian nations. Manila: All-Nations Publishing Co.

Chicago

Zaide Gregorio F, Zaide Sonia M, . 2002. History of Asian nations. Manila: All-Nations Publishing Co.

Harvard

Zaide G. F., Zaide S. M., . (2002). History of Asian nations. Manila: All-Nations Publishing Co.

MLA

Zaide Gregorio F, Zaide Sonia M, . History of Asian nations. Manila: All-Nations Publishing Co. 2002.

  • Place hold
  • Print
  • Cite
  • Add to your cart (remove)
  • Save record
    BIBTEX Dublin Core MARCXML MARC (non-Unicode/MARC-8) MARC (Unicode/UTF-8) MARC (Unicode/UTF-8, Standard) MODS (XML) RIS
  • More searches
    Search for this title in:
    Other Libraries (WorldCat) Other Databases (Google Scholar) Online Stores (Bookfinder.com) Open Library (openlibrary.org)

Exporting to Dublin Core...

SOUTHVILLE LIBRARY

Southville International School and Colleges Library

1281 Tropical Ave. Cor. Luxembourg St., BF Homes International, Las Pinas City

Tel. No. 8256374 / 252358 Loc. 117/146

Powered by Koha